Figuraciones del yo en la narrativa (Record no. 184746)

MARC details
000 -LEADER
campo de control de longitud fija 01250nam a2200313 i 4500
001 - NÚMERO DE CONTROL
campo de control 184746
003 - IDENTIFICADOR DE NÚMERO DE CONTROL
campo de control ES-MaACL
005 - FECHA Y HORA DE LA ÚLTIMA TRANSACCIÓN
campo de control 20260507121546.0
008 - DATOS DE LONGITUD FIJA--INFORMACIÓN GENERAL
campo de control de longitud fija 151125s2010 sp |||| | spa d
020 ## - NÚMERO INTERNACIONAL ESTÁNDAR DEL LIBRO
Número Internacional Estándar del Libro 978-84-8448-542-1
080 ## - NÚMERO DE LA CLASIFICACIÓN DECIMAL UNIVERSAL
Número de la Clasificación Decimal Universal 821.134.2 Marías, Javier 1.07
080 ## - NÚMERO DE LA CLASIFICACIÓN DECIMAL UNIVERSAL
Número de la Clasificación Decimal Universal 821.134.2 Vila-Matas, Enrique 1.07
080 ## - NÚMERO DE LA CLASIFICACIÓN DECIMAL UNIVERSAL
Número de la Clasificación Decimal Universal 165.242.1(0:82)
100 1# - ENTRADA PRINCIPAL--NOMBRE DE PERSONA
Nombre de persona Pozuelo Yvancos, José María.
9 (RLIN) 93557
245 10 - MENCIÓN DEL TÍTULO
Título Figuraciones del yo en la narrativa
Resto del título : Javier Marías y E. Vila-Matas /
Mención de responsabilidad, etc. José María Pozuelo Yvancos.
260 ## - PUBLICACIÓN, DISTRIBUCIÓN, ETC.
Lugar de publicación, distribución, etc. [Valladolid] :
Nombre del editor, distribuidor, etc. Cátedra Miguel Delibes,
Fecha de publicación, distribución, etc. [2010]
300 ## - DESCRIPCIÓN FÍSICA
Extensión 231 p. ;
Dimensiones 22 cm.
490 1# - MENCIÓN DE SERIE
Mención de serie Ensayos literarios ;
Designación de volumen o secuencia 6
600 17 - PUNTO DE ACCESO ADICIONAL DE MATERIA--NOMBRE DE PERSONA
Nombre de persona Marías, Javier,
Fechas asociadas al nombre 1951-2022-
Subdivisión general Crítica e interpretación
9 (RLIN) 158237
600 14 - PUNTO DE ACCESO ADICIONAL DE MATERIA--NOMBRE DE PERSONA
Nombre de persona Vila-Matas, Enrique-
Subdivisión general Crítica e interpretación.
9 (RLIN) 138467
650 #4 - PUNTO DE ACCESO ADICIONAL DE MATERIA--TÉRMINO DE MATERIA
Término de materia o nombre geográfico como elemento de entrada Yo (Filosofía)-
Subdivisión general En la literatura.
9 (RLIN) 158238
710 2# - ENTRADA AGREGADA--NOMBRE DE ENTIDAD CORPORATIVA
Nombre de entidad corporativa o nombre de jurisdicción como elemento de entrada Cátedra Miguel Delibes.
9 (RLIN) 158239
830 1# - PUNTO DE ACCESO ADICIONAL DE SERIE-TÍTULO UNIFORME
Título uniforme Ensayos literarios ;
Designación de volumen o secuencia 6
9 (RLIN) 192235
852 4# - LOCALIZACIÓN
Ubicación ES-MaACL
Número de control de estantería A-13648
itemnumber 191757
Sublocalización o colección R.150805
Ubicación en estantería Depósito 1
Signatura antigua Olim: N-6648
Donativo/Legado Donacion: Real Academia Española
Encuadernación Enc. cart.
914 ## - NOMBRE ENTIDAD DE DONANTE
RLIN 6336
Nombre de congreso/reunión o jurisdicción como elemento de entrada Real Academia Española
Unidad subordinada Donante
942 ## - ELEMENTOS DE ENTRADA SECUNDARIOS (KOHA)
Fuente del sistema de clasificación o colocación Clasificación decimal universal
Tipo de ítem Koha Libro impreso
Holdings
Estatus retirado Estado de pérdida Fuente del sistema de clasificación o colocación Estado de daño No para préstamo Biblioteca de origen Biblioteca actual Ubicación en estantería Fecha de adquisición Fuente de adquisición Total de préstamos Signatura topográfica completa Código de barras Visto por última vez Precio de reemplazo Tipo de ítem Koha
    Clasificación decimal universal     Biblioteca del Ateneo de Madrid Biblioteca del Ateneo de Madrid Depósito 1 25/11/2015 Donación   A-13648 1194528 23/02/2023 23/02/2023 Libro impreso